Statistics for 500 Digits of e (Euler's number)

Click here to take the quiz!

General Stats

  • This quiz has been taken 172 times
  • The average score is 66 of 500

Answer Stats

Digits% Correct
2.
100%
1
98%
7
98%
8
93%
2
93%
8
91%
1
86%
8
86%
2
86%
8
84%
4
84%
5
80%
9
77%
0
75%
2
73%
3
73%
4
73%
5
70%
3
70%
6
70%
0
70%
5
68%
2
68%
8
64%
7
61%
1
59%
4
59%
7
57%
3
57%
5
55%
2
55%
6
52%
6
52%
2
52%
4
50%
9
45%
7
45%
7
43%
7
43%
5
41%
2
39%
4
39%
7
39%
0
39%
9
36%
6
36%
3
36%
9
34%
9
34%
9
34%
5
27%
6
25%
6
25%
6
25%
7
25%
9
25%
4
25%
5
23%
9
23%
9
23%
7
23%
6
23%
2
23%
7
23%
3
20%
9
20%
5
20%
7
20%
4
20%
3
20%
5
20%
2
20%
0
20%
7
20%
4
20%
0
20%
3
20%
7
20%
6
20%
6
20%
8
18%
7
18%
2
18%
4
18%
6
18%
6
18%
1
18%
2
18%
5
18%
1
18%
7
18%
2
18%
8
18%
3
18%
1
18%
7
18%
5
18%
4
18%
5
18%
6
16%
1
16%
9
16%
3
16%
3
16%
2
16%
6
16%
4
16%
5
16%
4
16%
2
14%
3
14%
5
14%
7
14%
2
14%
9
14%
0
14%
3
14%
4
14%
3
14%
9
14%
5
14%
6
14%
0
14%
5
14%
9
14%
5
14%
6
14%
0
14%
3
14%
4
14%
7
14%
2
14%
9
14%
0
14%
3
14%
0
14%
5
14%
9
14%
2
14%
1
14%
8
14%
2
14%
1
14%
7
14%
4
14%
1
14%
3
14%
5
14%
9
14%
6
14%
6
14%
9
11%
3
11%
7
11%
8
11%
0
11%
9
11%
3
11%
0
11%
0
11%
1
9%
3
9%
2
9%
4
7%
5
7%
9
7%
4
7%
1
7%
9
7%
8
7%
0
7%
4
7%
0
7%
1
7%
2
7%
7
7%
3
7%
9
7%
7
7%
8
7%
4
7%
3
7%
6
7%
8
7%
6
7%
8
7%
8
7%
8
7%
6
7%
0
7%
6
7%
4
7%
1
7%
7
7%
8
7%
4
7%
2
7%
9
7%
0
7%
5
7%
7
7%
6
7%
4
7%
3
7%
0
7%
3
7%
0
7%
9
7%
2
7%
8
7%
3
7%
2
7%
3
7%
6
7%
7
7%
4
7%
8
7%
3
7%
4
7%
9
7%
7
7%
2
7%
6
7%
8
7%
2
7%
8
7%
7
7%
0
7%
2
7%
5
7%
0
7%
9
7%
1
7%
0
7%
1
7%
1
7%
5
7%
3
7%
7
7%
1
7%
5
7%
8
5%
2
5%
9
5%
6
5%
1
5%
6
5%
4
5%
1
5%
0
5%
1
5%
9
5%
3
5%
9
5%
8
5%
1
5%
0
5%
0
5%
2
5%
2
5%
6
5%
5
5%
5
5%
1
5%
8
5%
1
5%
0
5%
7
5%
7
5%
1
5%
3
5%
2
5%
0
5%
7
5%
0
5%
9
5%
3
5%
2
5%
8
5%
7
5%
0
5%
2
5%
6
5%
7
5%
4
5%
3
5%
7
5%
4
5%
4
5%
4
5%
2
5%
3
5%
0
5%
6
5%
9
5%
5
5%
2
5%
6
5%
3
5%
6
5%
7
5%
4
5%
6
5%
8
5%
6
5%
4
5%
5
5%
4
5%
0
5%
5
5%
7
5%
8
5%
3
5%
6
5%
7
5%
8
5%
0
5%
3
5%
6
5%
0
5%
3
5%
8
5%
8
5%
6
5%
4
5%
3
5%
4
5%
7
5%
2
5%
1
5%
1
5%
2
5%
5
5%
2
5%
3
5%
8
5%
7
5%
8
5%
4
5%
5
5%
2
5%
5
5%
1
5%
5
5%
6
5%
5
5%
3
5%
6
5%
6
5%
7
5%
0
5%
8
5%
0
5%
7
5%
3
5%
3
5%
2
5%
3
5%
5
5%
4
5%
4
5%
3
5%
7
5%
1
5%
0
5%
7
5%
5
5%
9
5%
7
5%
0
5%
7
5%
3
5%
4
5%
9
5%
2
5%
0
5%
6
5%
9
5%
5
5%
1
5%
4
5%
3
5%
0
5%
2
5%
1
5%
1
5%
0
5%
5
5%
9
5%
9
5%
1
5%
3
5%
4
5%
9
5%
8
5%
2
5%
5
5%
6
5%
4
5%
8
5%
0
5%
1
5%
6
5%
8
5%
4
5%
4
5%
1
5%
8
5%
7
5%
7
5%
2
5%
3
5%
5
5%
8
5%
3
5%
0
5%
0
5%
7
5%
7
5%
2
5%
4
5%
9
5%
8
5%
8
5%
2
5%
6
5%
5
5%
6
5%
0
5%
2
5%
9
5%
7
5%
6
5%
0
5%
6
5%
4
5%
5
5%
8
5%
8
5%
2
5%
6
5%
6
5%
6
5%
1
5%
1
5%
3
5%
0
5%
3
5%
6
5%
1
5%
9
2%
9
2%
3
2%
9
2%
9
2%
4
2%
0
2%
9
2%
9
2%
1
2%
7
2%
7
2%
3
2%
9
2%
5
2%
0
2%
5
2%
9
2%
1
2%
9
2%
4
2%
7
2%
4
2%
7
2%
7
2%
3
2%
9
2%
2
2%
4
2%
9
2%
4
2%
9
2%
0
2%
7
2%
7
2%
1
2%
4
2%
0
2%
4
2%
1
2%
9
2%
9
2%
7
2%
9
2%
9
2%
0
2%
7
2%
9
2%
3
2%
7
2%

Score Distribution

Percentile by Number Answered

Percent of People with Each Score

Your Score History

You have not taken this quiz